000 00472nam a2200181Ia 4500
005 20260429111943.0
008 260429s9999||||xx |||||||||||||| ||und||
020 _a9788184117127
041 _aEnglish
082 _a551.6
_bSIN
100 _aSingh, Nitu
245 0 _aFundamentals of climatology /
_cNitu Singh
260 _aNew Delhi :
_bSonali Publications,
_c2025.
300 _avi, 250 p.; hb
650 _a Climatology
650 _aEarth science
942 _cTB
999 _c51602
_d51602